| 000 | 00695nam a2200205Ia 4500 | ||
|---|---|---|---|
| 003 | OSt | ||
| 005 | 20250814140445.0 | ||
| 008 | 210210b2006 xxu||||| |||| 00| 0 eng d | ||
| 040 | _cAL | ||
| 041 | _aKannada | ||
| 082 | _aK894.8 SUBD | ||
| 100 |
_aSUBBANNA KV nenapina modala odu malike. _9109745 _dಸುಬ್ಬಣ್ಣ ಕೆವಿ ನೆನಪಿನ ಮೊದಲ ಓದು ಮಾಲಿಕೆ |
||
| 245 |
_aD V G avara ayda barahagalu _b: ಡಿ ವಿ ಜಿ ಅವರ ಆಯ್ದ ಬರಹಗಳು |
||
| 260 |
_aHeggodu _bAkshara Prakashana _c2006 |
||
| 300 | _a108 | ||
| 650 |
_aDi Vi Ji _9109746 |
||
| 690 |
_aKannada Collections _9109747 |
||
| 906 | _a061579 | ||
| 942 |
_2ddc _cBK |
||
| 999 |
_c108376 _d108376 |
||